| 000 | 00791nam a2200277 i 4500 | ||
|---|---|---|---|
| 001 | bgj | ||
| 100 | 1 |
_aJEROME, Jerome Klapka _d(1859-1927). |
|
| 245 | 1 | 0 |
_aThree men in a boat : _bto say nothing of the dog ! / _cJerome K. Jerome. |
| 250 | _a[Repr.]. | ||
| 260 |
_aWare, England : _bWordsworth Editions Limited, _c1993. |
||
| 300 |
_a184, [1] pp ; _c18 cm. |
||
| 490 | 1 | _aWordsworth Classics | |
| 500 | _aComplete and unabridged. | ||
| 650 | 9 | _aMale friendship | |
| 650 | 9 | _aBoats and boating | |
| 650 | 9 | _aAdventure stories | |
| 650 | 9 | _aHumorous stories, English | |
| 655 | _aFiction | ||
| 830 | _aWordsworth Classics | ||
| 020 | _a1853260517 | ||
| 040 | _cBPK | ||
| 041 | _aeng | ||
| 920 | _a1-85326-051-7 | ||
| 942 | _cKS | ||
| 008 | s uk f |000 0 eng | ||
| 999 |
_c47767 _d47767 |
||
| 856 |
_uhttp://koha.tu.koszalin.pl/cgi-bin/koha/opac-detail.pl?biblionumber=47767 _yKatalog online BPK |
||